Consensus trees, a necessity in taxonomic practice (Registro nro. 11074)

Detalles MARC
000 -CABECERA
Campo de control 004320000a22001570004500
090 ## - CLASIFICACIÓN LOCAL
Colección AR
Consecutivo 01997
041 0# - IDIOMA
Código de idioma para texto/pista de sonido o título separado
100 1# - ASIENTO PRINCIPAL--NOMBRE PERSONAL
Nombre personal Anderberg, Arne
245 10 - MENCION DE TITULO
Título Consensus trees, a necessity in taxonomic practice
650 14 - ASIENTO SECUNDARIO DE MATERIA - TERMINO TEMATICO
Término temático o nombre geográfico como elemento de entrada Taxonomía
650 14 - ASIENTO SECUNDARIO DE MATERIA - TERMINO TEMATICO
Término temático o nombre geográfico como elemento de entrada Filogenética
650 14 - ASIENTO SECUNDARIO DE MATERIA - TERMINO TEMATICO
Término temático o nombre geográfico como elemento de entrada Cladística
700 1# - ASIENTO SECUNDARIO - NOMBRE PERSONAL
Nombre personal Tehler, Anders
773 1# - Item fuente:
Título Willi Hennig Society
Especificación de materiales 672
Paginas del Articulo 1-4
Lugar, editorial y fecha de publicación 1990
942 ## - ELEMENTOS ADICIONALES (KOHA)
Tipo de ítem Artículo
Existencias
Withdrawn status Lost status Damaged status No para préstamo Colección Ubicación Permanente Ubicación actual Fecha de adquisición Fuente de Valor Datos de publicación Seriada Total Checkouts Número topográfico Inventario / Código de Barras Date last seen Ejemplar Price effective from Forma de adquisición Tipo de material
      No para Préstamo Hemeroteca Bogotá Bogotá 27/02/2015 Instituto de Ciencias Naturales Fuera de circulación   AR 01997 012371 25/03/2015 1 25/03/2015   Artículo